| 000 | 01466nam2a22002531 4500 | ||
|---|---|---|---|
| 001 | rc\114613 | ||
| 005 | 20250620194707.0 | ||
| 010 |
_a5-696-00465-2 _9200 |
||
| 035 | _a(NLR Aleph) 005394520 | ||
| 090 |
_a7215629 _c7215629 |
||
| 100 | _a20021216d1995 |||y0rusy50 ca | ||
| 101 | 0 | _arus | |
| 102 | _aRU | ||
| 105 | _aa ||||||||| | ||
| 200 | 0 | _aЧ. 4 | |
| 210 |
_d1995 _aБ. м. |
||
| 215 |
_a35 с. _cил. |
||
| 320 | _aБиблиогр.: с. 3 | ||
| 461 | 0 |
_1001rc\114612 _12001#$aТиповые расчеты в курсе высшей математики$eУчеб. пособие$e[Для студентов дневного и веч. отд-ний]$fГос. ком. Рос. Федерации по высш. образованию. Челяб. гос. техн. ун-т. Златоуст. фил. Каф. высш. математики N3$vЧ. 4 _1700#1$aТарасова$bО.Ю. _97215621 _aТарасова, О.Ю. _cЧелябинск _d1995- _fГос. ком. Рос. Федерации по высш. образованию. Челяб. гос. техн. ун-т. Златоуст. фил. Каф. высш. математики N3 _nИзд-во ЧГТУ _oУчеб. пособие : [Для студентов дневного и веч. отд-ний] _tТиповые расчеты в курсе высшей математики _vЧ. 4 |
|
| 801 | 0 |
_aRU _bNLR _gpsbo |
|
| 801 | 1 |
_aRU _bELAR _2rusmarc |
|
| 852 |
_aNLR _j96-4/9069 |
||
| 942 | _cBOOK | ||
| 980 | _aNB | ||